|
|
|
|
| LEADER |
00000nam0a2200000 4500 |
| 001 |
189448 |
| 005 |
20231101224214.0 |
| 010 |
|
|
|a 9785020376328
|
| 035 |
|
|
|a (RuTPU)RU\TPU\book\205952
|
| 090 |
|
|
|a 189448
|
| 100 |
|
|
|a 20101224d2010 k y0rusy50 ca
|
| 101 |
0 |
|
|a rus
|
| 102 |
|
|
|a RU
|
| 105 |
|
|
|a a z 001zy
|
| 200 |
1 |
|
|a Прогнозирование в региональных социально-экономических системах в условиях модернизации экономики России
|f И. В. Черданцева
|g под ред. М. А. Винокурова
|
| 210 |
|
|
|a Москва
|c Наука
|d 2010
|
| 215 |
|
|
|a 290 с.
|c ил.
|
| 320 |
|
|
|a Библиогр.: с. 164-174.
|
| 330 |
|
|
|a В книге рассмотрен ряд вопросов научной и практической методологии прогнозирования в региональных социально-экономических системах в современных условиях. Изложены новые результаты содержательного характера, восполняющие пробелы в формировании научной концепции социально-экономического прогнозирования. Для должностных лиц органов государственной власти и местного самоуправления, научных работников, преподавателей высших учебных заведений, аспирантов, студентов и всех, кто интересуется вопросами прогнозирования в региональных социально-экономических системах в условиях модернизации экономики России.
|
| 606 |
1 |
|
|a Экономическое прогнозирование
|2 stltpush
|3 (RuTPU)RU\TPU\subj\37458
|9 58431
|
| 606 |
1 |
|
|a Региональная экономика
|2 stltpush
|3 (RuTPU)RU\TPU\subj\36843
|
| 610 |
1 |
|
|a экономика
|
| 610 |
1 |
|
|a Россия
|
| 610 |
1 |
|
|a Российская Федерация
|
| 610 |
1 |
|
|a региональная экономика
|
| 610 |
1 |
|
|a регионы
|
| 610 |
1 |
|
|a социально-экономические системы
|
| 610 |
1 |
|
|a прогнозирование
|
| 610 |
1 |
|
|a региональное развитие
|
| 610 |
1 |
|
|a управление
|
| 610 |
1 |
|
|a модели
|
| 610 |
1 |
|
|a Сибирь
|
| 610 |
1 |
|
|a Томская область
|
| 686 |
|
|
|a У9(2)230.38
|v LBC/SL-A
|2 rubbk
|
| 686 |
|
|
|a У9(2Р53)
|v LBC/SL-A
|2 rubbk
|
| 700 |
|
1 |
|a Черданцева
|b И. В.
|g Ирина Васильевна
|
| 702 |
|
1 |
|a Винокуров
|b М. А.
|4 340
|
| 801 |
|
1 |
|a RU
|b 63413507
|c 20101224
|
| 801 |
|
2 |
|a RU
|b 63413507
|c 20110117
|g RCR
|
| 942 |
|
|
|c BK
|